Normal view
MARC view
Entry Topical Term
001 - CONTROL NUMBER
- control field: 1410123
003 - CONTROL NUMBER IDENTIFIER
- control field: NLI
005 - DATE AND TIME OF LATEST TRANSACTION
- control field: 20220408060420.0
008 - FIXED-LENGTH DATA ELEMENTS
- fixed length control field: 220408|| aca||aabn | a|a d
040 ## - CATALOGING SOURCE
- Original cataloging agency: NLI
- Transcribing agency: NLI
150 ## - HEADING--TOPICAL TERM
- Topical term or geographic name entry element: Brothers
- Form subdivision: Death
670 ## - SOURCE DATA FOUND
- Source citation: Work cat.: (NLI)1529287: 880-01 റിജ്നിവെല്ഡ്,മരിയെക് ലൂക്കാസ് 1410122, സായാഹ്നത്തിന്റെ ആകുലതകള് . , 2021
